000
003280000a22001450004500
003
MACL
040
_a
MACL
090
_c
5562
_d
5561
100
_a
Chandel, A S
245
_a
Palnning In Library Resource Sharing
260
_b
Print House
_c
1987
350
_a
175
650
_a
Library And Information Science
942
_c
BOOK
_k
020
999
_c
5520
_d
5520